00896nam a2200217Ia 450000500170000000800410001708200210005810000210007924501320010025000190023230000420025150000500029360000540034361000580039765000560045526400440051133600270055533700330058233800280061504000350064320220317001214.0160825s1997 ck a g 000 0 spa 04aR 708.074bB31aj1 aRosenthal, Norma10aAllen Jones,obra gráfica 1960-1995cBiblioteca Luis Ángel Arango, Banco de la República ; presentación Norman Rosenthal a1a. edición  a26 páginas bilustraciones c22 cm  aExposición realizada en agosto-octubre 199714aJones, Allen d1937xExposiciones xCatálogos 2 aBiblioteca Luis Ángel Arango (Bogota)xExposiciones142LEMBaArtes gráficasxExposicionesxCatálogos  aBogotábBanco de la Repúblicac1997 atextobtxt2rdacontent asin mediaciónbn2rdamedia avolumenbnc2rdacarrier aCO-BoRNBPbspaerdacCO-BoRNBP